000 00455nam a2200181Ia 4500
001 11847
005 20260306162858.0
008 260306t2021||||xx |||||||||||||| ||spa||
041 _aESP
082 _aHR 200
_bN° 15 2021 RAAA
110 _aArchivo Arzobispal de Arequipa
245 0 _aRevista Archivo Arzobispal de Arequipa
260 _c2021
300 _a546 páginas :
_c21 cm.
650 _aGEN
654 _aCHU
942 _cREV
_dJUS
_fJUS
_2ddc
_n
999 _c11847
_d11847